00681nam a2200193 a 450000100100000000500170001000800410002702000150006804000250008308200160010810000270012424500460015126000380019730000210023550000740025659000260033095201140035699900170047000004225520201002040031.0131120s2006 sp r 000 0 spa d a8493474878 aDO-SdBNPbspacBNPHU axxxxbS717v1 aSotelo, Ignacio96651410aA vueltas con España /cIgnacio Sotelo. aMadrid, España :bGadir,c2006. a400 p. ;c21 cm. aIncluye referencias bibliografícas y notas al pie de las páginas. aInventariado, 2019/BT 001050718MOaGRbGRcHDd2013-11-20iLF1l0oxxxx S717vp42255-10r2020-06-25w2020-06-25y1ZNo se presta c41744d41744